| 000 | 00937nam a2200241Ia 4500 | ||
|---|---|---|---|
| 003 | GCL | ||
| 008 | 140319s9999 xx 000 0 ara d | ||
| 040 |
_aGCL / _cGCL |
||
| 082 | 0 | 4 |
_a410 _bج خ |
| 100 | 1 | _aابن جنى : ابوالفتح عثمان الموصلى البغدادى | |
| 245 | 1 | 0 |
_aالخصائص / _cابن جنى : ابوالفتح عثمان الموصلى البغدادى |
| 700 | 1 | _aمحمد على النجار | |
| 250 | _aالثالثة | ||
| 260 |
_aالقاهرة : _bالهيئة المصرية العامة للكتاب ، _c1986 |
||
| 300 |
_a411ص ؛ _c30سم |
||
| 650 | 0 | 4 | _aاللغة العربية |
| 650 | 0 | 4 | _aاللغة العربية - النحو |
| 650 | 0 | 4 | _aاللغة العربية - الصرف |
| 650 | 0 | 4 | _aالالفاظ والمعانى |
| 650 | 0 | 4 | _aالبلاغة العربية - المعانى |
| 650 | 0 | 4 | _aاللغة العربية - البلاغة |
| 942 |
_2ddc _cBK |
||
| 999 |
_c29861 _d29861 |
||